Les pays ayant le plus d'îles - Statistiques

Statistiques générales
  • Ce quiz a été pris 113 fois
  • Le résultat moyen est 7 sur 10
Statistiques - réponses
nombres d'îles pays % Correct
17 508 Indonésie
92%
18 617 états-unis
86%
14 125 Japon
85%
52 455 Canada
75%
239 057 Norvège
73%
8 222 Australie
71%
221 831 Suède
71%
7 641 Philippines
69%
40 000 Finlande
63%
6 282 Royaume-Uni
54%
Aucun quiz correspondant
Distribution des résultats
% des personnes avec chaque résultat
Percentile par nombre de réponses
Votre historique - résultats
Vous n’avez pas pris ce quiz